Personnages historiques ayant inspiré des œuvres de bande dessinée - Statistiques

Statistiques générales
  • Ce quiz a été pris 125 fois
  • Le résultat moyen est 5 sur 12
Statistiques - réponses
Personnage Historique Bande(s) Dessinée(s) s'en étant inspirée(s) % Correct
Jules César (100 av. J.-C-44 av. J.-C), homme d'État romain. Alix | Asterix
95%
Emmett Dalton (1871-1937), hors-la-loi états-unien. Lucky Luke
72%
Ottokar II (1230-1278), roi de Bohême. Tintin
71%
Léonard de Vinci (1452-1519), peintre polymathe toscan. Léonard
55%
Ulysses S. Grant (1822-1885), héros de guerre et président des États-Unis. Les Tuniques Bleues
43%
Kamehameha Ier (1736-1819), fondateur de la monarchie hawaïenne et premier roi d'Hawaï. Dragon Ball
39%
Leif Erikson (970-1020), explorateur islandais, premier européen à découvrir l'Amérique du Nord continentale. Thorgal | Vinland Saga
30%
Carl Benz (1844-1929), pionnier de l'automobile et créateur d'une société à son nom. Michel Vaillant
19%
Michel Polnareff (1944- ), auteur-compositeur-interprète franco-américain. Jojo's Bizarre Adventure
16%
Grigori Raspoutine (1869-1916), mystique et guérisseur russe. Corto Maltese | Hellboy
11%
Qin Shi Huang (259 av. J.-C-210 av. J.-C), unificateur et premier empereur de Chine. Kingdom
9%
Hanna Reitsch (1912-1979), aviatrice de l'Allemagne nazie. Buck Danny | Dent d'ours
4%
Aucun quiz correspondant
Distribution des résultats
% des personnes avec chaque résultat
Percentile par nombre de réponses
Votre historique - résultats
Vous n’avez pas pris ce quiz